|
|
|
|
| LEADER |
00000nas a2200000 a 4500 |
| 001 |
ssj0000579769 |
| 003 |
WaSeSS |
| 005 |
20200512172242.0 |
| 006 |
m d |
| 007 |
cr n |
| 008 |
910625c19919999nyuqr p s o 0 a0eng c |
| 010 |
|
|
|a 92659501
|z sn 91000314
|
| 015 |
|
|
|a 016393538
|2 dnb
|
| 016 |
7 |
|
|a 016393538
|2 DE-101
|
| 016 |
7 |
|
|a 1109582-9
|2 DE-600
|
| 016 |
|
|
|a (AMICUS)000011125702
|
| 016 |
7 |
|
|a 007160384
|2 Uk
|
| 022 |
|
|
|l 1057-2309
|y 1057-2309
|
| 035 |
|
|
|a (WaSeSS)ssj0000579769
|
| 037 |
|
|
|b Nova Science Publishers, Inc., 6080 Jericho Turnpike, Ste. 26, Commack, NY 11725
|
| 040 |
|
|
|a NSD
|b eng
|c NSD
|d DLC
|d NST
|d HUL
|d SYS
|d NLGGC
|d OCLCQ
|d HEBIS
|d GEBAY
|d GBVCP
|d OCLCQ
|d OCLCF
|d BEDGE
|d UV0
|d OCLCO
|d OCL
|d LIP
|d OCLCO
|d XFH
|d NLC
|d UKMGB
|d OCLCA
|d WaSeSS
|
| 042 |
|
|
|a nsdp
|a pcc
|
| 043 |
|
|
|a e------
|
| 050 |
0 |
0 |
|a D2009
|b .C87
|
| 210 |
0 |
|
|a Curr. polit. econ. Eur.
|
| 222 |
|
0 |
|a Current politics and economics of Europe
|
| 245 |
0 |
0 |
|a Current politics and economics of Europe
|h [electronic resource].
|
| 260 |
|
|
|a Commack, NY :
|b Nova Science Publishers,
|c 1991-
|
| 310 |
|
|
|a Quarterly
|
| 362 |
0 |
|
|a Vol. 1, no. 1-
|
| 500 |
|
|
|a Title from cover.
|
| 506 |
|
|
|a License restrictions may limit access.
|
| 648 |
|
7 |
|a Since 1945
|2 fast
|
| 650 |
1 |
7 |
|a Economische politiek.
|2 gtt
|
| 650 |
|
7 |
|a Politik
|2 gnd
|
| 650 |
|
7 |
|a Zeitschrift
|2 gnd
|
| 650 |
|
7 |
|a Wirtschaft
|2 gnd
|
| 650 |
|
7 |
|a Länderforschung.
|2 stw
|
| 650 |
|
7 |
|a Politik.
|2 stw
|
| 650 |
|
7 |
|a Wirtschaftspolitik.
|2 stw
|
| 650 |
|
7 |
|a Volkswirtschaft.
|2 stw
|
| 650 |
|
7 |
|a Europa.
|2 stw
|
| 650 |
|
7 |
|a EU-Staaten.
|2 stw
|
| 650 |
|
7 |
|a Osteuropa.
|2 stw
|
| 650 |
|
7 |
|a Economic history.
|2 fast
|0 (OCoLC)fst00901974
|
| 650 |
|
7 |
|a Politics and government
|2 fast
|0 (OCoLC)fst01919741
|
| 650 |
|
7 |
|a Publications périodiques.
|2 eclas
|
| 650 |
|
7 |
|a UE/CE Union européenne.
|2 eclas
|
| 650 |
|
7 |
|a UE/CE Politique.
|2 eclas
|
| 650 |
|
7 |
|a Politique internationale.
|2 eclas
|
| 650 |
|
7 |
|a Relations internationales.
|2 eclas
|
| 650 |
|
7 |
|a Economie internationale.
|2 eclas
|
| 651 |
|
0 |
|a Europe
|x Politics and government
|y 1989-
|v Periodicals.
|
| 651 |
|
0 |
|a Europe
|x Economic conditions
|y 1945-
|v Periodicals.
|
| 651 |
|
7 |
|a Europa.
|2 swd
|
| 651 |
|
7 |
|a Europe.
|2 fast
|0 (OCoLC)fst01245064
|
| 655 |
|
0 |
|a Electronic journals.
|
| 850 |
|
|
|a CSt
|a DLC
|a MH
|a NNC
|
| 853 |
0 |
0 |
|8 1
|a v.
|b no.
|i (year)
|
| 856 |
4 |
0 |
|z Full text available from Research Library: 01/01/2019 to present
|u https://search.proquest.com/publication/4445992
|
| 863 |
4 |
0 |
|8 1
|a <1>-
|i <1991>-
|x provisional
|